000 00682cam a2200217 4500
005 20230125130521.0
008 230125b mx ||||| |||| 00| 0 spa d
020 _a9681642864
050 0 4 _aTJ163
_bT66 1993
050 0 4 _aTJ808
_bT66 1993
100 1 _aTonda, Juan
245 1 3 _aEl oro solar y otras fuentes de energía
_c / Juan Tonda.
250 _a1a ed.
260 _aMéxico :
_bFondo de Cultura Económica,
_c1993
300 _a150 p. :
_bil. ;
_c21 cm.
440 3 _aLa Ciencia desde México ; 119
490 0 _aLa Ciencia desde México ;
_v119
504 _aIncluye bibliografía y glosario
650 7 _2lemb
_aRecursos energéticos renovables
942 _2lcc
_cLIB
999 _c106964
_d106964